Systems networks and computation multivariable ... (Registro nro. 11122)

Detalles MARC
001 - NÚMERO DE CONTROL
campo de control 11785
005 - FECHA Y HORA DE LA ÚLTIMA TRANSACCIÓN
campo de control 20260428110952.0
008 - DATOS DE LONGITUD FIJA--INFORMACIÓN GENERAL
campo de control de longitud fija 960313s1974 eng
035 ## - NÚMERO DE CONTROL DEL SISTEMA
Número de control de sistema 11785
035 ## - NÚMERO DE CONTROL DEL SISTEMA
Número de control de sistema (OCoLC)777961565
040 ## - FUENTE DE LA CATALOGACIÓN
Centro/agencia transcriptor comduadb
041 ## - CÓDIGO DE LENGUA
Código de lengua del texto/banda sonora o título independiente eng
082 #4 - NÚMERO DE LA CLASIFICACIÓN DECIMAL DEWEY
Número de clasificación 001
100 10 - ENTRADA PRINCIPAL--NOMBRE DE PERSONA
Nombre de persona Athans, Michael
Código de función aut
Término indicativo de función/relación Autor/a
9 (RLIN) 242610
245 10 - MENCIÓN DE TÍTULO
Título Systems networks and computation multivariable ...
250 ## - MENCIÓN DE EDICIÓN
Mención de edición 01.ED
260 ## - PUBLICACIÓN, DISTRIBUCIÓN, ETC.
Lugar de publicación, distribución, etc. Estados Unidos :
Nombre del editor, distribuidor, etc. McGraw-Hill Interamericana,
Fecha de publicación, distribución, etc. 1974.
300 ## - DESCRIPCIÓN FÍSICA
Extensión 552 páginas
650 ## - PUNTO DE ACCESO ADICIONAL DE MATERIA--TÉRMINO DE MATERIA
Término de materia o nombre geográfico como elemento de entrada Análisis de sistemas
9 (RLIN) 2211
650 ## - PUNTO DE ACCESO ADICIONAL DE MATERIA--TÉRMINO DE MATERIA
Término de materia o nombre geográfico como elemento de entrada Redes eléctricas
9 (RLIN) 1418
650 #7 - PUNTO DE ACCESO ADICIONAL DE MATERIA--TÉRMINO DE MATERIA
Término de materia o nombre geográfico como elemento de entrada Procesamiento electrónico de datos
Fuente del encabezamiento o término lemb
9 (RLIN) 43892
942 ## - ELEMENTOS DE ENTRADA AGREGADA (KOHA)
Tipo de ítem Koha Libros
Existencias
Estado de retiro Estado de pérdida Estado dañado No para préstamo Código de colección Localización permanente Ubicación/localización actual Fecha de adquisición Número de inventario Total de préstamos Signatura topográfica completa Código de barras Fecha visto por última vez Número de copia Precio válido a partir de Tipo de ítem Koha
        Colección Semiactiva Planta Baja Biblioteca Carlos Gaviria Díaz, Campus Medellín Biblioteca Carlos Gaviria Díaz, Campus Medellín 04/07/1997 C13540   001.61 S995s 61000001584016 12/12/2024 1 20/04/2023 Libros